[Event "OLNO 1819 Greifswalder SV - SF Berlin I"]
[Site "?"]
[Date "2018.12.16"]
[Round "4.1"]
[White "Modler, Andreas"]
[Black "Mueller, Nick"]
[Result "1/2-1/2"]
[WhiteElo "2266"]
[BlackElo "2348"]
[PlyCount "115"]
[EventDate "2018.??.??"]

1. c4 e5 2. Nc3 Nf6 3. Nf3 Nc6 4. a3 g6 5. g3 Bg7 6. Bg2 O-O 7. d3 d6 8. O-O a6
9. Rb1 Rb8 10. b4 b5 11. Nd2 Bd7 12. Bb2 Nd4 13. e3 Ne6 14. Qe2 Re8 15. Nd5 c6
16. Nxf6+ Qxf6 17. Rbc1 bxc4 18. Nxc4 Qe7 19. Na5 c5 20. bxc5 Nxc5 21. Nc6 Bxc6
22. Bxc6 Red8 23. Bd5 Nxd3 24. Qxd3 Rxb2 25. Qxa6 Bh6 26. Rc8 Rxc8 27. Qxc8+
Kg7 28. Qc3 Rb5 29. Qd3 Ra5 30. Rb1 Ra7 31. Rb4 Bg5 32. Kg2 Qc7 33. Rc4 Qd7 34.
Qb3 Rc7 35. Rb4 Ra7 36. Rb8 Qc7 37. a4 h5 38. h4 Bf6 39. Qb5 Bd8 40. Rb7 Rxb7
41. Bxb7 Qb6 42. Qd5 Qc5 43. Qd1 Bb6 44. Bd5 f5 45. Ba2 f4 46. Qf3 d5 47. gxf4
e4 48. Qh3 Qc6 49. Bb3 d4 50. exd4 Bxd4 51. Qe6 Qxe6 52. Bxe6 Kf6 53. Bd7 Bb6
54. Kg3 Bc7 55. Bc8 Bb6 56. Bh3 Bc7 57. Bf1 Kf5 58. Bh3+ 1/2-1/2

[Event "OLNO 1819 Greifswalder SV - SF Berlin I"]
[Site "?"]
[Date "2018.12.16"]
[Round "4.2"]
[White "Leisner, Hannes"]
[Black "de Wiljes, Jan-Hendrik"]
[Result "1/2-1/2"]
[WhiteElo "2294"]
[BlackElo "2334"]
[PlyCount "89"]
[EventDate "2018.??.??"]

1. Nf3 Nf6 2. g3 g6 3. b4 b6 4. Bg2 Bb7 5. Bb2 Bg7 6. O-O O-O 7. d3 d6 8. Nbd2
c5 9. a3 Qc7 10. e4 Rc8 11. e5 dxe5 12. Bxe5 Qd7 13. Nc4 Qa4 14. Rb1 Nbd7 15.
Ba1 Rab8 16. Re1 Nd5 17. Bxg7 Kxg7 18. Qc1 N7f6 19. b5 Nc3 20. Rb3 Nxb5 21.
Rxe7 Bxf3 22. Bxf3 Nd4 23. Ne5 Rf8 24. Rb1 Rbe8 25. Rxe8 Rxe8 26. c3 Rxe5 27.
cxd4 Qxd4 28. Qc4 Qxc4 29. dxc4 Ne8 30. Rd1 Kf6 31. a4 Ke7 32. a5 Nd6 33. axb6
axb6 34. Bd5 g5 35. Ra1 b5 36. Ra7+ Kd8 37. Bc6 Re7 38. Ra8+ Kc7 39. cxb5 Nc8
40. Kf1 c4 41. Ra6 Re5 42. Bf3 Rxb5 43. Rc6+ Kd8 44. Rxc4 Nd6 45. Rd4 1/2-1/2

[Event "OLNO 1819 Greifswalder SV - SF Berlin I"]
[Site "?"]
[Date "2018.12.16"]
[Round "4.3"]
[White "Nogly, Christoph"]
[Black "Weber, Max"]
[Result "1-0"]
[WhiteElo "2220"]
[BlackElo "2225"]
[PlyCount "111"]
[EventDate "2018.??.??"]

1. d4 Nf6 2. c4 g6 3. Nc3 d5 4. Nf3 Bg7 5. cxd5 Nxd5 6. e4 Nxc3 7. bxc3 c5 8.
Be3 Qa5 9. Qd2 Nc6 10. Rb1 a6 11. Rc1 Bg4 12. d5 Rd8 13. Be2 O-O 14. O-O e6 15.
Bg5 Rd7 16. Qf4 Bxf3 17. dxc6 Bxe2 18. cxd7 Bxf1 19. Rd1 f6 20. Qd6 Bb5 21.
d8=Q Rxd8 22. Qxd8+ Qxd8 23. Rxd8+ Kf7 24. Be3 Bf8 25. c4 Bxc4 26. Rd7+ Kg8 27.
Rxb7 Bxa2 28. Rb2 Bc4 29. Rb8 Kf7 30. Rc8 Bd3 31. Bxc5 Bxc5 32. Rxc5 Bxe4 33.
Rc7+ Kg8 34. f4 h5 35. g3 g5 36. fxg5 fxg5 37. Kf2 Bf5 38. Ke3 h4 39. Kd4 hxg3
40. hxg3 g4 41. Ke5 Kf8 42. Ra7 Bd3 43. Kf6 Ke8 44. Kxe6 Bc4+ 45. Kf5 Be2 46.
Kf6 Kd8 47. Ke6 Kc8 48. Kd6 Bd3 49. Rc7+ Kb8 50. Kc6 Be4+ 51. Kb6 Bf3 52. Rc4
a5 53. Kxa5 Kb7 54. Kb4 Kb6 55. Kc3 Be2 56. Rc8 1-0

[Event "OLNO 1819 Greifswalder SV - SF Berlin I"]
[Site "?"]
[Date "2018.12.16"]
[Round "4.4"]
[White "Stubbe, Wilko"]
[Black "Hoffmann, Udo"]
[Result "1-0"]
[WhiteElo "2218"]
[BlackElo "2266"]
[PlyCount "73"]
[EventDate "2018.??.??"]

1. Nf3 c5 2. g3 b6 3. Bg2 Bb7 4. O-O Nf6 5. c3 g6 6. d3 d5 7. Nbd2 Qc7 8. Qa4+
Nbd7 9. b4 Bg7 10. bxc5 bxc5 11. Rb1 O-O 12. c4 Bc6 13. Qa3 d4 14. Nb3 a5 15.
Nxc5 Bxf3 16. Nxd7 Bxg2 17. Nxf6+ exf6 18. Kxg2 Rfe8 19. e4 f5 20. exf5 Qc6+
21. Kg1 Qf3 22. Rb5 Bf8 23. Qb3 Re2 24. Rb8 Kg7 25. Rxa8 Qxa8 26. Qb6 Qf3 27.
Qxd4+ f6 28. fxg6 Kxg6 29. Qd8 Kf7 30. a3 h5 31. Qxa5 Re5 32. Qc7+ Kg6 33. Qd8
Kf7 34. Bf4 Rf5 35. Qd7+ Kg6 36. Qe8+ Kg7 37. Qe3 1-0

[Event "OLNO 1819 Greifswalder SV - SF Berlin I"]
[Site "?"]
[Date "2018.12.16"]
[Round "4.5"]
[White "Andersen, Hans-Christoph"]
[Black "Stopsack, Malte"]
[Result "1-0"]
[WhiteElo "2177"]
[BlackElo "2225"]
[PlyCount "129"]
[EventDate "2018.??.??"]

1. d4 Nf6 2. c4 g6 3. Nc3 Bg7 4. e4 d6 5. Nf3 O-O 6. h3 c6 7. Be2 a6 8. Bf4 b5
9. e5 Ne8 10. O-O b4 11. Ne4 f6 12. exf6 Nxf6 13. Nxf6+ Rxf6 14. Qd2 a5 15.
Rfe1 Nd7 16. Bh6 Bxh6 17. Qxh6 Qf8 18. Qe3 c5 19. d5 Nb6 20. a3 bxa3 21. bxa3
Ba6 22. Rab1 Nxc4 23. Qc3 Rf4 24. Ng5 Qf6 25. Qxf6 exf6 26. Ne6 Re4 27. Nc7 Rc8
28. Nxa6 Rce8 29. Rb8 Rxb8 30. Nxb8 Nxa3 31. Kf1 Nc2 32. Rc1 Nb4 33. Bf3 Rf4
34. Nc6 a4 35. Ke2 Kg7 36. g3 Rf5 37. Nxb4 cxb4 38. Rc4 Re5+ 39. Kd2 Rf5 40.
Ke2 Re5+ 41. Kf1 Re7 42. Rxb4 Ra7 43. Rb2 a3 44. Ra2 f5 45. Ke2 Kf6 46. Kd3 Ke5
47. Kc3 f4 48. Kb3 fxg3 49. fxg3 Rf7 50. Bg2 Kd4 51. Rxa3 Rf2 52. Ra2 Rxa2 53.
Kxa2 Ke3 54. h4 Kf2 55. Be4 Kxg3 56. h5 gxh5 57. Kb3 Kf4 58. Bh1 h4 59. Kc4 Kg3
60. Kb5 h3 61. Kc6 Kh2 62. Be4 h5 63. Kxd6 Kg1 64. Ke5 h2 65. Kf4 1-0

[Event "OLNO 1819 Greifswalder SV - SF Berlin I"]
[Site "?"]
[Date "2018.12.16"]
[Round "4.6"]
[White "Kuersten, Ruediger"]
[Black "Noetzel, Felix"]
[Result "0-1"]
[WhiteElo "2189"]
[BlackElo "2191"]
[PlyCount "92"]
[EventDate "2018.??.??"]

1. d4 d5 2. c4 e6 3. Nf3 c6 4. g3 dxc4 5. Bg2 Nd7 6. Qc2 Ngf6 7. O-O Bd6 8.
Nbd2 b5 9. b3 c3 10. Qxc3 Bb7 11. a4 O-O 12. e4 c5 13. Qd3 cxd4 14. Qxb5 Rb8
15. Qe2 e5 16. Ne1 a5 17. Ba3 Bxa3 18. Rxa3 Qe7 19. Ra2 Nc5 20. f3 Ba6 21. Qd1
Bxf1 22. Bxf1 Nfd7 23. Bb5 Nb6 24. Nc4 Nxc4 25. bxc4 d3 26. Ng2 Qd6 27. Qe1
Rbd8 28. Rd2 Nb3 29. Rd1 d2 30. Qe3 Nd4 31. Kf2 f5 32. exf5 Rxf5 33. Rxd2 Rdf8
34. Nh4 R5f6 35. Kg2 Qb4 36. f4 Nxb5 37. axb5 exf4 38. Qd3 fxg3 39. hxg3 a4 40.
Qd5+ Kh8 41. g4 Rf4 42. Nf5 Rxg4+ 43. Kh3 Qxc4 44. Qd6 Qb4 45. Qd7 Rg5 46. Rf2
Qg4+ 0-1

[Event "OLNO 1819 Greifswalder SV - SF Berlin I"]
[Site "?"]
[Date "2018.12.16"]
[Round "4.7"]
[White "Weber, Daniel"]
[Black "Reyer, Ulli"]
[Result "1-0"]
[WhiteElo "2090"]
[BlackElo "2161"]
[PlyCount "77"]
[EventDate "2018.??.??"]

1. c4 e5 2. g3 Nf6 3. Bg2 Nc6 4. Nc3 Bb4 5. e4 d6 6. Nge2 a5 7. h3 O-O 8. O-O
Bc5 9. d3 Ne8 10. a3 Nd4 11. Rb1 c6 12. b4 Nxe2+ 13. Nxe2 axb4 14. axb4 Bb6 15.
Qb3 Nc7 16. Bb2 Ne6 17. Kh2 f6 18. f4 Kh8 19. f5 Nc7 20. d4 exd4 21. Nxd4 Re8
22. Rbd1 Qe7 23. Bc1 Na6 24. Bf4 Bc7 25. Nc2 Nb8 26. Rd2 Nd7 27. c5 Ne5 28.
cxd6 Bxd6 29. Rfd1 Bc7 30. b5 cxb5 31. Qxb5 Ra5 32. Qb3 h5 33. Ne3 h4 34. Nd5
Ra3 35. Qb5 hxg3+ 36. Kh1 Ra5 37. Qxa5 Bxa5 38. Nxe7 Rxe7 39. Rd8+ 1-0

[Event "OLNO 1819 Greifswalder SV - SF Berlin I"]
[Site "?"]
[Date "2018.12.16"]
[Round "4.8"]
[White "Fromm, Marius"]
[Black "Mcgowan, Daniel"]
[Result "1/2-1/2"]
[WhiteElo "2065"]
[BlackElo "2148"]
[PlyCount "120"]
[EventDate "2018.??.??"]

1. Nf3 d5 2. c4 e6 3. g3 Nf6 4. Bg2 Be7 5. O-O O-O 6. d4 dxc4 7. Qc2 a6 8. a4
Nbd7 9. Qxc4 b5 10. Qd3 Rb8 11. Na3 Bb7 12. Bg5 Be4 13. Qd2 Nd5 14. Bxe7 Qxe7
15. axb5 axb5 16. Rfc1 Rb7 17. Nc2 N7b6 18. Ne3 Nxe3 19. Qxe3 Bd5 20. Ne5 f6
21. Nc6 Qd6 22. Bxd5 Nxd5 23. Qa3 b4 24. Qb3 Re8 25. e3 h6 26. Kg2 Rb6 27. Na5
Rbb8 28. Rc6 Qd7 29. e4 Nb6 30. Qxb4 f5 31. Qc5 fxe4 32. Rxc7 Qd5 33. Qxd5 Nxd5
34. Rc2 Nb4 35. Re2 Nd3 36. Nc4 Rf8 37. Rb1 Rbd8 38. Nd2 Rxd4 39. Nxe4 Rb8 40.
b3 Rdb4 41. Nd2 Nc5 42. Re3 Rd8 43. Rb2 Rd5 44. Kf1 Kf7 45. Ke2 Nd7 46. Rc2 Nc5
47. Rc4 Rb7 48. Rec3 Rb5 49. b4 Nd7 50. Rb3 Ne5 51. Rc7+ Kg6 52. Nc4 Rd4 53.
Nxe5+ Rxe5+ 54. Kf3 Rb5 55. Rc6 Rdxb4 56. Rxb4 Rxb4 57. Rxe6+ Kf7 58. Ra6 Rc4
59. g4 Rc3+ 60. Kg2 Rc4 1/2-1/2

[Event "OLNO 1819 SF Berlin III - SC Kreuzberg"]
[Site "?"]
[Date "2019.01.20"]
[Round "5.1"]
[White "Glantz, Robert"]
[Black "Modler, Andreas"]
[Result "1/2-1/2"]
[WhiteElo "2327"]
[BlackElo "2268"]
[PlyCount "119"]
[EventDate "2019.??.??"]

1. e4 c5 2. Nf3 e6 3. Nc3 a6 4. d4 cxd4 5. Nxd4 Qc7 6. g3 Bb4 7. Bd2 Nf6 8. Bg2
Nc6 9. Nb3 Be7 10. O-O O-O 11. f4 d5 12. exd5 Nb4 13. d6 Bxd6 14. a3 Nbd5 15.
Qe2 Bd7 16. Rfe1 Rac8 17. Nxd5 Nxd5 18. Rac1 Rfe8 19. Kh1 Bb5 20. Qd1 Ba4 21.
Qe2 Ne7 22. Na5 b6 23. Nb7 Bc6 24. Nxd6 Qxd6 25. Red1 Bxg2+ 26. Kxg2 b5 27. Ba5
Qc6+ 28. Qf3 Nd5 29. Rd3 f5 30. Kh1 Qc4 31. Bd2 Nf6 32. Bc3 Nd5 33. Be5 Red8
34. Rd2 Ne7 35. Rcd1 Rd5 36. Rxd5 Nxd5 37. Rd2 Qc5 38. Bd4 Qc6 39. Kg1 Rd8 40.
Be5 Qc5+ 41. Bd4 Qc6 42. Be5 Qc5+ 43. Kh1 Qc6 44. h3 Rc8 45. Kh2 Qe8 46. Re2
Qd7 47. Rd2 Qe8 48. Qf2 Qd7 49. b3 Qe7 50. Bb2 Qc5 51. Qe1 Qe3 52. Qd1 Qe4 53.
Re2 Qf3 54. Qd2 Kf7 55. Bd4 Rc6 56. Rf2 Qe4 57. Re2 Qf3 58. Rf2 Qe4 59. Re2 Qf3
60. Rf2 1/2-1/2

[Event "OLNO 1819 SF Berlin III - SC Kreuzberg"]
[Site "?"]
[Date "2019.01.20"]
[Round "5.2"]
[White "Nogly, Christoph"]
[Black "Lerch, Philipp"]
[Result "1/2-1/2"]
[WhiteElo "2230"]
[BlackElo "2321"]
[PlyCount "29"]
[EventDate "2019.??.??"]

1. d4 g6 2. c4 Bg7 3. Nc3 e6 4. Nf3 Ne7 5. g3 d5 6. cxd5 exd5 7. Bg2 O-O 8. O-O
Nbc6 9. b3 Bg4 10. e3 Qd7 11. Ba3 Rfe8 12. Rc1 a5 13. Na4 b6 14. Qd2 Rac8 15.
Nc3 1/2-1/2

[Event "OLNO 1819 SF Berlin III - SC Kreuzberg"]
[Site "?"]
[Date "2019.01.20"]
[Round "5.3"]
[White "Moritz, Aron"]
[Black "Hoffmann, Udo"]
[Result "0-1"]
[WhiteElo "2223"]
[BlackElo "2255"]
[PlyCount "72"]
[EventDate "2019.??.??"]

1. e4 c5 2. Nf3 e6 3. d4 cxd4 4. Nxd4 a6 5. Bd3 Ne7 6. O-O Nbc6 7. Nb3 Ng6 8.
f4 Be7 9. Nc3 d6 10. Qh5 Bf6 11. Be3 b5 12. Rad1 Bxc3 13. bxc3 Qc7 14. c4 bxc4
15. Bxc4 O-O 16. Rf3 Re8 17. Rg3 Nce7 18. Bd3 f5 19. Rh3 h6 20. Rg3 Kh7 21. Nd4
Rf8 22. Nf3 e5 23. exf5 Bxf5 24. Ng5+ Kg8 25. fxe5 Nxe5 26. Ne4 Bg6 27. Qe2 Nf5
28. Rh3 Rae8 29. Bxa6 Nxe3 30. Rxe3 Qa7 31. Kh1 Bh5 32. Qxh5 Qxe3 33. Nxd6 Ng4
34. Qd5+ Kh8 35. g3 Qf2 36. Qd2 Re1+ 0-1

[Event "OLNO 1819 SF Berlin III - SC Kreuzberg"]
[Site "?"]
[Date "2019.01.20"]
[Round "5.4"]
[White "Andersen, Hans-Christoph"]
[Black "Lehmann, Klaus"]
[Result "1/2-1/2"]
[WhiteElo "2188"]
[BlackElo "2259"]
[PlyCount "102"]
[EventDate "2019.??.??"]

1. d4 Nf6 2. c4 e6 3. g3 Bb4+ 4. Bd2 Bxd2+ 5. Nxd2 d6 6. e3 O-O 7. Bg2 c5 8.
Ne2 Nc6 9. O-O Qe7 10. dxc5 dxc5 11. Nc3 Bd7 12. Qe2 Rfd8 13. Rad1 Be8 14. f4
Rac8 15. g4 Nd7 16. Nde4 Nf6 17. Ng3 Nd7 18. Rd2 Nf8 19. Rfd1 Rxd2 20. Rxd2 Rd8
21. Nce4 b6 22. Qd1 Rxd2 23. Qxd2 Qd8 24. Qxd8 Nxd8 25. Nd6 Bc6 26. Nge4 Nd7
27. Nc8 Bxe4 28. Bxe4 a6 29. Kf2 g6 30. g5 Kg7 31. Ke2 h6 32. h4 hxg5 33. hxg5
f6 34. gxf6+ Kxf6 35. Kf3 g5 36. Kg4 gxf4 37. exf4 b5 38. cxb5 axb5 39. Nd6 b4
40. Nc4 Ke7 41. Ne5 Nf7 42. Nxf7 Kxf7 43. a4 bxa3 44. bxa3 Nb6 45. Kf3 Ke7 46.
Bc2 Kd6 47. Ke4 Nc4 48. a4 Na5 49. Bb1 Nc6 50. Bd3 Na5 51. Bb5 Nb3 1/2-1/2

[Event "OLNO 1819 SF Berlin III - SC Kreuzberg"]
[Site "?"]
[Date "2019.01.20"]
[Round "5.5"]
[White "Glienke, Manfred"]
[Black "Noetzel, Felix"]
[Result "0-1"]
[WhiteElo "2250"]
[BlackElo "2201"]
[PlyCount "50"]
[EventDate "2019.??.??"]

1. f4 e5 2. fxe5 d6 3. exd6 Bxd6 4. Nf3 Nf6 5. d3 Ng4 6. g3 h5 7. Bg2 h4 8.
gxh4 Nxh2 9. Bg5 Bg3+ 10. Kd2 f6 11. Nxh2 fxg5 12. Nf1 Be5 13. c3 gxh4 14. Kc2
Nc6 15. Nfd2 Bf5 16. Na3 Qd7 17. Nac4 Bf6 18. Qf1 O-O-O 19. e4 Be6 20. Bh3 g5
21. Qxf6 Qxd3+ 22. Kb3 Bxh3 23. Qf3 Qxf3 24. Nxf3 Be6 25. Nxg5 Bg8 0-1

[Event "OLNO 1819 SF Berlin III - SC Kreuzberg"]
[Site "?"]
[Date "2019.01.20"]
[Round "5.6"]
[White "Weber, Daniel"]
[Black "Holzapfel, Daniel"]
[Result "1-0"]
[WhiteElo "2102"]
[BlackElo "2264"]
[PlyCount "79"]
[EventDate "2019.??.??"]

1. d4 Nf6 2. Bg5 d5 3. c4 dxc4 4. Nc3 c6 5. a4 Qa5 6. Bd2 Bf5 7. e4 Bg4 8. f3
Be6 9. Nge2 Nh5 10. g4 Nf6 11. Qc1 Na6 12. Nf4 Bd7 13. e5 Ng8 14. Bxc4 e6 15.
Ne4 Qb6 16. Be3 Nb4 17. a5 Qd8 18. Bf2 Nd5 19. Nd3 Be7 20. g5 h6 21. f4 hxg5
22. fxg5 Rh3 23. Bg3 Rh5 24. h4 f6 25. O-O fxg5 26. hxg5 Rxg5 27. Nxg5 Bxg5 28.
Qd1 g6 29. Bxd5 cxd5 30. Nc5 Be3+ 31. Kg2 Qg5 32. Nxd7 Kxd7 33. Qa4+ Kc7 34.
Rf7+ Ne7 35. Ra3 Rh8 36. Rxe3 Qxe3 37. Rxe7+ Kb8 38. Re8+ Rxe8 39. Qxe8+ Kc7
40. Qe7+ 1-0

[Event "OLNO 1819 SF Berlin III - SC Kreuzberg"]
[Site "?"]
[Date "2019.01.20"]
[Round "5.7"]
[White "Paulsen, Dirk"]
[Black "Lachmann, Utz"]
[Result "1/2-1/2"]
[WhiteElo "2327"]
[BlackElo "2174"]
[PlyCount "43"]
[EventDate "2019.??.??"]

1. d4 f5 2. Nf3 Nf6 3. b3 g6 4. Bb2 Bg7 5. Nbd2 O-O 6. e3 b6 7. Bd3 Bb7 8. Qe2
a5 9. e4 fxe4 10. Nxe4 Na6 11. a3 e6 12. O-O-O Nxe4 13. Bxe4 Bxe4 14. Qxe4 Qf6
15. Rhe1 a4 16. b4 c5 17. b5 Nc7 18. Qb7 Qf4+ 19. Kb1 Rab8 20. Qa7 Ra8 21. Qb7
Rab8 22. Qa7 1/2-1/2

[Event "OLNO 1819 SF Berlin III - SC Kreuzberg"]
[Site "?"]
[Date "2019.01.20"]
[Round "5.8"]
[White "Mcgowan, Daniel"]
[Black "Dyballa, Markus"]
[Result "1/2-1/2"]
[WhiteElo "2146"]
[BlackElo "2204"]
[PlyCount "73"]
[EventDate "2019.??.??"]

1. e4 c5 2. Nf3 Qc7 3. c3 Nf6 4. d3 Nc6 5. Be2 d5 6. Nbd2 g6 7. O-O Bg7 8. exd5
Nxd5 9. Ne4 b6 10. Re1 O-O 11. Bf1 Bb7 12. Qc2 h6 13. Bd2 Rad8 14. Rad1 f5 15.
Ng3 e5 16. h4 Kh8 17. Qc1 Nf4 18. d4 Kh7 19. Nxe5 Nd5 20. Nxc6 Bxc6 21. c4 f4
22. Ne4 Ne3 23. fxe3 Bxe4 24. exf4 Bxd4+ 25. Be3 Bg7 26. Rxd8 Rxd8 27. Bf2 Bf5
28. Be2 h5 29. Bf3 Rd7 30. b3 Qd8 31. Bd5 Bf6 32. Qe3 Bxh4 33. Bxh4 Qxh4 34.
Qe5 Qd8 35. Re3 Qh8 36. Qxh8+ Kxh8 37. Kf2 1/2-1/2

[Event "OLNO 1819 TSG Oberschöneweide - Greifs"]
[Site "?"]
[Date "2019.01.20"]
[Round "5.1"]
[White "Mueller, Nick"]
[Black "Rosenthal, Dirk"]
[Result "1-0"]
[WhiteElo "2346"]
[BlackElo "2408"]
[PlyCount "117"]
[EventDate "2019.??.??"]

1. c4 e5 2. Nc3 Nf6 3. Nf3 Nc6 4. e3 Be7 5. d4 exd4 6. Nxd4 O-O 7. Be2 Bb4 8.
O-O a5 9. Ndb5 Ne5 10. f4 Ng6 11. e4 d6 12. Be3 Re8 13. Bf3 Nh4 14. Bd4 Nxf3+
15. Qxf3 c6 16. a3 cxb5 17. axb4 bxc4 18. bxa5 Rxa5 19. Rxa5 Qxa5 20. Bxf6 gxf6
21. Nd5 Qd8 22. Qc3 Kg7 23. Qg3+ Kh8 24. Qh4 Rxe4 25. Nxf6 Bf5 26. Ra1 Re8 27.
Qg5 Qb6+ 28. Kh1 Qxb2 29. Rg1 Ra8 30. Qxf5 Kg7 31. Qg5+ Kh8 32. f5 Qe5 33. h3
c3 34. Rf1 Qe2 35. Rc1 Qe5 36. Ng4 Qd4 37. Nh6 Qg7 38. Rxc3 Qxg5 39. Nxf7+ Kg7
40. Nxg5 Kf6 41. Nf3 Kxf5 42. Rb3 Ra7 43. Rb4 Ke6 44. g4 Kd5 45. Kg2 Kc5 46.
Rb2 b5 47. Nd2 d5 48. Kf3 Ra3+ 49. Rb3 b4 50. Ke2 Rxb3 51. Nxb3+ Kc4 52. Nd2+
Kd4 53. g5 Ke5 54. Kf3 Kf5 55. h4 d4 56. Nb3 d3 57. Nd2 h6 58. gxh6 Kg6 59. Ke3
1-0

[Event "OLNO 1819 TSG Oberschöneweide - Greifs"]
[Site "?"]
[Date "2019.01.20"]
[Round "5.2"]
[White "Schoewel, Matthias"]
[Black "Leisner, Hannes"]
[Result "1/2-1/2"]
[WhiteElo "2219"]
[BlackElo "2295"]
[PlyCount "148"]
[EventDate "2019.??.??"]

1. e4 e5 2. Nf3 d6 3. d4 exd4 4. Nxd4 Nf6 5. Nc3 Be7 6. Bc4 O-O 7. O-O Re8 8.
Re1 Bf8 9. Bg5 c6 10. a4 Nbd7 11. a5 Qc7 12. Qd2 Rb8 13. Bb3 b5 14. axb6 axb6
15. Rad1 b5 16. Qf4 b4 17. Nb1 c5 18. Nf5 c4 19. Ba4 Re5 20. Nd2 Ra5 21. Bxd7
Nxd7 22. Be7 Ne5 23. Bxd6 Bxd6 24. Nxd6 Be6 25. Nf5 Rd8 26. Nf1 Bxf5 27. exf5
f6 28. b3 Rad5 29. Rxd5 Rxd5 30. Ne3 Rc5 31. bxc4 Nxc4 32. Qxc7 Rxc7 33. Nd5
Rb7 34. g4 Ne5 35. Re4 b3 36. cxb3 Rxb3 37. Kg2 Rb2 38. Rd4 h5 39. h3 hxg4 40.
hxg4 Kh7 41. Ne3 Ra2 42. Kg3 Rb2 43. Rd8 Rb3 44. Rc8 Ra3 45. Rc7 Kh6 46. Kg2
Rb3 47. Ra7 Rc3 48. Re7 Ra3 49. Kg3 Nc4 50. Re4 Nxe3 51. fxe3 Ra1 52. Re8 Kh7
53. Rb8 Rg1+ 54. Kf3 Rf1+ 55. Kg2 Ra1 56. g5 fxg5 57. Rb6 Kg8 58. Rg6 Kf7 59.
Kf2 Ra5 60. e4 Ra4 61. Kf3 Ra3+ 62. Kg4 Re3 63. Re6 g6 64. Kxg5 gxf5 65. Kxf5
Ra3 66. Rf6+ Ke7 67. Rh6 Ra1 68. Rh7+ Ke8 69. Rb7 Ra5+ 70. e5 Ra6 71. Rh7 Rb6
72. Ra7 Rc6 73. Ke4 Rb6 74. Kd5 Rh6 1/2-1/2

[Event "OLNO 1819 TSG Oberschöneweide - Greifs"]
[Site "?"]
[Date "2019.01.20"]
[Round "5.3"]
[White "Weber, Max"]
[Black "Horn, Sven"]
[Result "1-0"]
[WhiteElo "2215"]
[BlackElo "2088"]
[PlyCount "99"]
[EventDate "2019.??.??"]

1. Nf3 Nf6 2. c4 e6 3. g3 d5 4. Bg2 Be7 5. O-O O-O 6. d4 b6 7. Ne5 Bb7 8. Nc3
Qc8 9. cxd5 exd5 10. Bf4 Qe6 11. Rc1 Na6 12. Nd3 Ne4 13. Qb3 Nxc3 14. Rxc3 Bf6
15. Be5 Bxe5 16. Nxe5 c5 17. Qa4 Nc7 18. Re3 b5 19. Qd1 cxd4 20. Qxd4 Qd6 21.
Nd3 Ne6 22. Qe5 Rfd8 23. Nf4 Qxe5 24. Rxe5 Nxf4 25. gxf4 Rac8 26. Rd1 Rc5 27.
e4 Kf8 28. exd5 f6 29. Re2 Rd6 30. b3 Bc8 31. Rde1 Rc7 32. h4 Kf7 33. Kh2 Bb7
34. Rd2 Rc5 35. Kg3 Rc3+ 36. Re3 Rc7 37. f5 Rcd7 38. Re6 Rd8 39. Kf4 Bc8 40.
Rxd6 Rxd6 41. Rc2 Bd7 42. Rc7 a6 43. Be4 Ke7 44. Ke3 Kd8 45. Ra7 b4 46. Kd4 Rb6
47. Bd3 Rb8 48. Rxa6 Rc8 49. d6 Bc6 50. Ra7 1-0

[Event "OLNO 1819 TSG Oberschöneweide - Greifs"]
[Site "?"]
[Date "2019.01.20"]
[Round "5.4"]
[White "Postler, Reinhard"]
[Black "Stubbe, Wilko"]
[Result "1-0"]
[WhiteElo "2237"]
[BlackElo "2229"]
[PlyCount "67"]
[EventDate "2019.??.??"]

1. e4 e6 2. d4 d5 3. Nd2 Nf6 4. e5 Nfd7 5. f4 c5 6. c3 Nc6 7. Ndf3 Qb6 8. g3
Be7 9. Kf2 O-O 10. Kg2 f6 11. Bd3 Kh8 12. h4 f5 13. Ng5 Bxg5 14. hxg5 g6 15.
Ne2 cxd4 16. cxd4 Ndb8 17. a3 Na5 18. b4 Nc4 19. Rb1 Bd7 20. a4 a6 21. b5 axb5
22. axb5 Ra5 23. Bxc4 dxc4 24. Nc3 Bxb5 25. Kf2 Rd8 26. Be3 Qa6 27. d5 Ba4 28.
Rxh7+ Kxh7 29. Qh1+ Kg8 30. Qh6 Be8 31. Rh1 exd5 32. Qh8+ Kf7 33. Rh7+ Ke6 34.
Qf6# 1-0

[Event "OLNO 1819 TSG Oberschöneweide - Greifs"]
[Site "?"]
[Date "2019.01.20"]
[Round "5.5"]
[White "Teschke, Olaf"]
[Black "Boewer, Roland"]
[Result "1/2-1/2"]
[WhiteElo "2227"]
[BlackElo "2182"]
[PlyCount "36"]
[EventDate "2019.??.??"]

1. d4 Nf6 2. Bg5 g6 3. Bxf6 exf6 4. c4 Bg7 5. Nc3 d6 6. e3 Nd7 7. g3 O-O 8. Bg2
Re8 9. Nge2 f5 10. O-O Nf6 11. Qd3 c6 12. b4 Qe7 13. c5 dxc5 14. bxc5 Be6 15.
Nf4 Rad8 16. Nxe6 fxe6 17. Qc4 Nd5 18. Rac1 Qf7 1/2-1/2

[Event "OLNO 1819 TSG Oberschöneweide - Greifs"]
[Site "?"]
[Date "2019.01.20"]
[Round "5.6"]
[White "Wiedersich, Jens"]
[Black "Bartolomaeus, Christian"]
[Result "1-0"]
[WhiteElo "2092"]
[BlackElo "2209"]
[PlyCount "55"]
[EventDate "2019.??.??"]

1. d4 f5 2. e4 fxe4 3. Nc3 Nf6 4. Bg5 g6 5. d5 Bg7 6. Bc4 d6 7. h3 Nbd7 8. Nge2
Ne5 9. Bb3 c5 10. dxc6 bxc6 11. Bxf6 exf6 12. Nxe4 d5 13. N4c3 Ba6 14. O-O O-O
15. Re1 Kh8 16. Nd4 Re8 17. Ba4 Qb6 18. Kh1 Bb7 19. f4 Nd7 20. Rxe8+ Rxe8 21.
Nxd5 cxd5 22. Bxd7 Re4 23. c3 f5 24. Qd2 Bxd4 25. cxd4 Qxd4 26. Qa5 Qxb2 27.
Rg1 d4 28. Bb5 {Zeit.} 1-0

[Event "OLNO 1819 TSG Oberschöneweide - Greifs"]
[Site "?"]
[Date "2019.01.20"]
[Round "5.7"]
[White "Kuersten, Ruediger"]
[Black "Jauk, Wilhelm"]
[Result "0-1"]
[WhiteElo "2179"]
[BlackElo "2149"]
[PlyCount "84"]
[EventDate "2019.??.??"]

1. d4 d5 2. Nf3 c6 3. c4 Nf6 4. g3 Bf5 5. Bg2 e6 6. Qb3 Qc8 7. O-O Nbd7 8. Nc3
h6 9. Nd2 Be7 10. e4 dxe4 11. Ndxe4 Nxe4 12. Nxe4 O-O 13. Bf4 Nf6 14. Nd6 Bxd6
15. Bxd6 Rd8 16. Be5 Ng4 17. Rad1 Nxe5 18. dxe5 Qc7 19. Rd6 Rxd6 20. exd6 Qb6
21. c5 Qxb3 22. axb3 a6 23. Re1 g5 24. Bf3 Kg7 25. g4 Bg6 26. Re3 Kf6 27. Be2
Rh8 28. Rc3 Rd8 29. Rc4 Ke5 30. Bf3 Bd3 31. Rb4 Rd7 32. Kg2 f5 33. gxf5 exf5
34. Bh5 Bb5 35. Be8 Rd8 36. d7 a5 37. Ra4 Bxa4 38. bxa4 Kd4 39. Kf3 Kxc5 40.
Ke3 Kd6 41. Kd4 b6 42. f3 Ke6 0-1

[Event "OLNO 1819 TSG Oberschöneweide - Greifs"]
[Site "?"]
[Date "2019.01.20"]
[Round "5.8"]
[White "Syre, Christian"]
[Black "Reyer, Ulli"]
[Result "1-0"]
[WhiteElo "2171"]
[BlackElo "2149"]
[PlyCount "95"]
[EventDate "2019.??.??"]

1. d4 d5 2. c4 Nc6 3. Nf3 Bg4 4. cxd5 Bxf3 5. gxf3 Qxd5 6. e3 e5 7. Nc3 Bb4 8.
Bd2 Bxc3 9. bxc3 Nf6 10. Bg2 O-O 11. O-O Rad8 12. Qb3 Na5 13. Qxd5 Nxd5 14.
Rfb1 Nc4 15. Be1 exd4 16. cxd4 Nd6 17. a4 f5 18. Rc1 Rfe8 19. Rab1 c6 20. Rc2
g6 21. Ba5 Rd7 22. Bd2 Kf7 23. Bc1 Nf6 24. Ba3 Nc8 25. a5 Rc7 26. Bf1 Ke6 27.
Bc4+ Kd7 28. Bc5 Nd5 29. Rbc1 b6 30. Ba3 Nf6 31. Bf7 Rd8 32. Bc4 Nd6 33. Bd3
Re8 34. a6 Nd5 35. Bf1 Rcc8 36. Bh3 Nb5 37. Bb2 Nb4 38. Rd2 Nd5 39. Rdc2 Nb4
40. Rd2 Nd5 41. Bf1 Nbc7 42. Ba3 b5 43. Bc5 Nxa6 44. Bxa7 Ra8 45. Bc5 Nac7 46.
Bd3 Nf6 47. Bc2 Ra2 48. Bxf5+ 1-0

[Event "OLNO 1819 SK König Tegel II - TuS Makk"]
[Site "?"]
[Date "2019.01.20"]
[Round "5.1"]
[White "Kiesekamp, Marcos"]
[Black "Anibar, Ahmed"]
[Result "1/2-1/2"]
[WhiteElo "2304"]
[BlackElo "2258"]
[PlyCount "52"]
[EventDate "2019.??.??"]

1. e4 e6 2. d4 d5 3. Nd2 Nc6 4. Ngf3 Nf6 5. e5 Nd7 6. Bb5 a6 7. Bxc6 bxc6 8.
Nb3 a5 9. a4 c5 10. O-O c4 11. Nbd2 c5 12. Re1 Be7 13. Nb1 O-O 14. Nc3 Rb8 15.
Be3 Ba6 16. dxc5 Nxc5 17. Nd4 Qd7 18. Qg4 Kh8 19. Ndb5 Nxa4 20. Rxa4 Bxb5 21.
Rxa5 Bc6 22. Ra7 Bb7 23. Rea1 Ra8 24. h3 Rxa7 25. Rxa7 Ra8 26. Qd4 Rxa7 1/2-1/2